Competencias específicas consideradas más realizadas y más importantes en los programas de física en México (Record no. 183262)
[ view plain ]
| 000 -CABECERA | |
|---|---|
| campo de control de longitud fija | 02014nab a2200349 a 4500 |
| 005 - FECHA Y HORA DE LA ÚLTIMA TRANSACCIÓN | |
| campo de control | 20210219162813.0 |
| 008 - ELEMENTOS DE LONGITUD FIJA--INFORMACIÓN GENERAL | |
| campo de control de longitud fija | 991125s1985 mx 000 0 spa u |
| 035 ## - NÚMERO DE CONTROL DEL SISTEMA | |
| Número de control de sistema | UPN01000211161 |
| 049 ## - COLECCIÓN | |
| Colección | ART |
| 100 1# - ASIENTO PRINCIPAL--NOMBRE PERSONAL | |
| Nombre de persona | Ramírez Díaz, Mario Humberto |
| 100 1# - ASIENTO PRINCIPAL--NOMBRE PERSONAL | |
| Filiación | mramirezd@ipn.mx |
| 100 1# - ASIENTO PRINCIPAL--NOMBRE PERSONAL | |
| Nombre de persona | Méndez Sánchez, Arturo F |
| 100 1# - ASIENTO PRINCIPAL--NOMBRE PERSONAL | |
| Filiación | arturo@esfm.ipn.mx |
| 100 1# - ASIENTO PRINCIPAL--NOMBRE PERSONAL | |
| Nombre de persona | Pérez Trejo, Leonor |
| 100 1# - ASIENTO PRINCIPAL--NOMBRE PERSONAL | |
| Filiación | leopt@esfm.ipn.mx |
| 100 1# - ASIENTO PRINCIPAL--NOMBRE PERSONAL | |
| Nombre de persona | Olvera Aldana, Miguel |
| 100 1# - ASIENTO PRINCIPAL--NOMBRE PERSONAL | |
| Filiación | molveraa@ipn.mx |
| 222 #0 - TÍTULO CLAVE | |
| Título clave | PERFILES EDUCATIVOS |
| 245 00 - MENCIÓN DE TÍTULO | |
| Título | Competencias específicas consideradas más realizadas y más importantes en los programas de física en México |
| 260 ## - PUBLICACIÓN, DISTRIBUCIÓN, ETC. | |
| Lugar de publicación, distribución, etc. | México |
| 300 ## - DESCRIPCIÓN FÍSICA | |
| Extensión | 68-87 |
| 362 0# - FECHAS DE PUBLICACIÓN Y/O DESIGNACIÓN SECUENCIAL | |
| Fecha de publicación y/o designación secuencial | 2016 Volumen 38, número 152, abril-junio |
| 520 3# - NOTA DE RESUMEN, ETC. | |
| Sumario, etc. | Existen diversas propuestas para el diseño y desarrollo de competencias genéricas, laborales y específicas en diferentes niveles y modelos educativos. Una particularmente interesante es la formulada por el Proyecto Tuning América Latina, la cual incluye a los programas de física en su propuesta de competencias específicas. El objetivo de este trabajo es retomar la metodología Tuning para encontrar las competencias consideradas más realizadas y las más importantes en programas de física en México; para ello se aumentó considerablemente la muestra original del estudio, de 16 a 112 sujetos. Se hace un análisis de la relación entre importancia y realización en cuadrantes que engloban las competencias consideradas más y menos importantes, y más y menos realizadas, tomando en cuenta dos agentes: académicos y estudiantes. Finalmente, se hacen recomendaciones en función del análisis de las competencias y el cuadrante donde fueron categorizadas |
| 653 0# - TERMINO DE INDIZACION - NO CONTROLADO | |
| Término no controlado | COMPETENCIAS |
| 653 0# - TERMINO DE INDIZACION - NO CONTROLADO | |
| Término no controlado | FISICA |
| 653 0# - TERMINO DE INDIZACION - NO CONTROLADO | |
| Término no controlado | PROGRAMAS DE ESTUDIO |
| 653 0# - TERMINO DE INDIZACION - NO CONTROLADO | |
| Término no controlado | MEXICO |
| 653 0# - TERMINO DE INDIZACION - NO CONTROLADO | |
| Término no controlado | PROYECTO TUNING |
| 653 0# - TERMINO DE INDIZACION - NO CONTROLADO | |
| Término no controlado | EDUCACION SUPERIOR |
| 856 4# - LOCALIZACIÓN Y ACCESO ELECTRÓNICOS | |
| Identificador Uniforme del Recurso | <a href="http://www.redalyc.org/articulo.oa?id=13244824005">http://www.redalyc.org/articulo.oa?id=13244824005</a> |
| 905 ## - TIPO DE MATERIAL | |
| Tipo de material | Articulo |
No items available.
